00482aam a2200169 450000500170000000800410001704100140005808200180007210000220009024500870011226000280019930000190022765000150024665000190026165000170028065000150029720161115134215.0150608b xxu||||| |||| 00| 0 spa d aEspañol a972.867 A481h aAmador, Jose Luis aHistoria y tradición en Potrero Grande: un pueblo de origen chiricano-panameño aCosta RicabEUNEDc2008 a264 páginas  aCOSTA RICA aPOTRERO GRANDE aBUENOS AIRES aPUNTARENAS